The afflicted man's companion : Or, A directory for families and persons afflicted with sickness, or any other distress. With directions to the sick, both under and after their affliction; also to the friends of the sick, and others who visit them; and likewise to all, how to prepare both for sickness and death, and how to be exercised at the time of dying. With a collection of the dying words of many choice and eminent saints. To which are added, The dying words of the author, written by himself, and found among his papers after his death. Necessary for families. By the Reverend Mr John Willison, Late minister of the Gospel at Dundee.

Bibliographic Details
Main Author: Willison, John, 1680-1750
Corporate Author: Gale (Firm)
Format: eBook
Language:English
Published: Edinburgh : Printed for Alexander MacCaslan bookseller in the Cross Causey, MDCCLXVII. [1767]
Subjects:
Online Access:Connect to the full text of this electronic book

MARC

Tag First Indicator Second Indicator Subfields
LEADER 00000cam a2200000 4500
001 in00003829331
005 20190415190511.0
006 m o d
007 cr |n||||||||n
008 911108s1767 stk|||| o 00||||eng c
035 |a (CU-RivES)T208345 
035 |a (Uk-ES)006302839 
035 |a (OCoLC)510488072 
040 |a Uk-ES  |c Uk-ES  |d CStRLIN  |d Cengage Gale  |d UtOrBLW 
050 4 |a Z1215  |b .W555 1767 
100 1 |a Willison, John,  |d 1680-1750.  |0 http://id.loc.gov/authorities/names/n85199404 
245 1 4 |a The afflicted man's companion :  |b Or, A directory for families and persons afflicted with sickness, or any other distress. With directions to the sick, both under and after their affliction; also to the friends of the sick, and others who visit them; and likewise to all, how to prepare both for sickness and death, and how to be exercised at the time of dying. With a collection of the dying words of many choice and eminent saints. To which are added, The dying words of the author, written by himself, and found among his papers after his death. Necessary for families. By the Reverend Mr John Willison, Late minister of the Gospel at Dundee. 
264 1 |a Edinburgh :  |b Printed for Alexander MacCaslan bookseller in the Cross Causey,  |c MDCCLXVII. [1767] 
300 |a 1 online resource (xxvi, 285, 1 unnumbered pages)  
336 |a text  |b txt  |2 rdacontent 
337 |a computer  |b c  |2 rdamedia 
338 |a online resource  |b cr  |2 rdacarrier 
500 |a Vertical chain lines. 
510 4 |a English Short Title Catalog,  |c T208345. 
500 |a Reproduction of original from National Library of Scotland. 
500 |a Electronic resource. 
650 0 |a Sick  |z England  |z London  |v Early works to 1800. 
650 0 |a Christian life  |z England  |z London  |v Early works to 1800. 
650 0 |a Last words  |z England  |z London  |v Early works to 1800. 
655 7 |a Electronic books.  |2 local 
710 2 |a Gale (Firm)  |0 http://id.loc.gov/authorities/names/no2008071348 
752 |a Great Britain  |b Scotland  |d Edinburgh. 
856 4 0 |u http://proxy.library.tamu.edu/login?url=http://find.galegroup.com/ecco/infomark.do?contentSet=ECCOArticles&docType=ECCOArticles&bookId=1592400400&type=getFullCitation&tabID=T001&prodId=ECCO&docLevel=TEXT_GRAPHICS&version=1.0&source=library&userGroupName=txshracd2898  |z Connect to the full text of this electronic book  |t 0 
999 f f |s 7ee0a4cb-2a7c-3bd0-9a77-c909b3fbfe5e  |i 8c10424b-a225-381e-8586-12fa35eccb77  |t 0 
952 f f |a Texas A&M University  |b College Station  |c Electronic Resources  |d Available Online  |t 0  |e Z1215 .W555 1767  |h Library of Congress classification 
998 f f |a Z1215 .W555 1767  |t 0  |l Available Online